[Event "GER-ch Seniors 65"]
[Site "Hamburg"]
[Date "2018.07.28"]
[Round "8"]
[White "Wiebke, Elfriede"]
[Black "Ott, Lothar"]
[Result "0-1"]
[WhiteElo "1223"]
[BlackElo "1634"]
[PlyCount "140"]
[EventDate "2018.07.21"]
[EventType "swiss"]
[EventRounds "9"]
[EventCountry "GER"]
[SourceTitle "CBM 186 Extra"]
[Source "ChessBase"]
[SourceDate "2018.08.24"]
[SourceVersion "1"]
[SourceVersionDate "2018.08.24"]
[SourceQuality "1"]

1. e4 d6 2. Nf3 g6 3. d4 Bg7 4. Bc4 Bg4 5. h3 Be6 6. d5 Bd7 7. 0-0 b5 8. Bd3 Nf6 9. Bg5 0-0 10. Bxf6 Bxf6 11. c3 c6 12. Nbd2 c5 13. Re1 e6 14. dxe6 fxe6 15. Rb1 c4 16. Be2 Nc6 17. Nf1 Qc7 18. N1h2 e5 19. Ng4 Bxg4 20. hxg4 h6 21. Qd5+ Kg7 22. Qxb5 Ne7 23. Bxc4 Rab8 24. Qa4 Rfc8 25. Nd2 Bg5 26. Red1 Bxd2 27. Rxd2 Qxc4 28. Qxc4 Rxc4 29. Rxd6 Rxe4 30. f3 Re2 31. b3 Rxa2 32. Rd7 Kf7 33. b4 a5 34. Re1 Ke8 35. Rd6 Rb5 36. Red1 axb4 37. cxb4 Rb2 38. Ra6 R5xb4 39. Ra8+ Rb8 40. Ra5 R2b5 41. Ra7 Rb1 42. Ra1 Rxd1+ 43. Rxd1 Rb5 44. Kf2 Kf7 45. Rh1 Kg7 46. Rd1 Rd5 47. Rc1 Kf7 48. Rh1 Kg7 49. Kg3 g5 50. Rc1 Rd6 51. Rc7 Kf6 52. Rc1 Re6 53. Rf1 Nd5 54. Re1 Nf4 55. Re3 Rd6 56. Kh2 Rd2 57. Kh1 Rxg2 58. Re1 Rf2 59. Re3 Re2 60. Re4 Rxe4 61. fxe4 Ne6 62. Kg2 Ke7 63. Kf3 Kd6 64. Ke3 Kc5 65. Kd3 Nd4 66. Ke3 Kc4 67. Kd2 Nb3+ 68. Ke3 Kc3 69. Kf3 Kd4 70. Ke2 Kxe4 0-1

[Event "GER-ch Seniors 65"]
[Site "Hamburg"]
[Date "2018.07.27"]
[Round "7"]
[White "Krueger, Dietrich"]
[Black "Ott, Lothar"]
[Result "1-0"]
[WhiteElo "1244"]
[BlackElo "1634"]
[PlyCount "79"]
[EventDate "2018.07.21"]
[EventType "swiss"]
[EventRounds "9"]
[EventCountry "GER"]
[SourceTitle "CBM 186 Extra"]
[Source "ChessBase"]
[SourceDate "2018.08.24"]
[SourceVersion "1"]
[SourceVersionDate "2018.08.24"]
[SourceQuality "1"]

1. d4 Nf6 2. Nc3 g6 3. Bf4 d6 4. e3 Bg7 5. Bc4 0-0 6. h3 c6 7. h4 b5 8. Bb3 b4 9. Nce2 h6 10. Nf3 Nh5 11. Bh2 e6 12. g4 Nf6 13. g5 hxg5 14. hxg5 Nh5 15. c3 a5 16. cxb4 axb4 17. Qc2 Bb7 18. 0-0-0 Qe7 19. Qc4 d5 20. Qd3 Ba6 21. Qd2 Nd7 22. Ng3 e5 23. Nxh5 gxh5 24. Bg3 e4 25. Nh4 Qxg5 26. Qxb4 Qg6 27. Ng2 Bf6 28. Nf4 Qf5 29. Rxh5 Bg5 30. Bh4 f6 31. Rg1 Kf7 32. Bxg5 Rg8 33. Nh3 Be2 34. Rh6 Rg7 35. Rxf6+ Nxf6 36. Qb7+ Nd7 37. Qxa8 Bg4 38. Qxc6 Bxh3 39. Be7 Ke8 40. Qc8+ 1-0

[Event "GER-ch Seniors 65+ 30th"]
[Site "Hamburg"]
[Date "2018.07.25"]
[Round "5"]
[White "Freerksen, Uwe"]
[Black "Ott, Lothar"]
[Result "1/2-1/2"]
[WhiteElo "1497"]
[BlackElo "1634"]
[PlyCount "49"]
[EventDate "2018.07.21"]
[EventType "swiss"]
[EventRounds "9"]
[EventCountry "GER"]
[SourceTitle "EXT 2020"]
[Source "ChessBase"]
[SourceDate "2019.10.17"]
[SourceVersion "1"]
[SourceVersionDate "2019.10.17"]
[SourceQuality "1"]

1. e4 g6 2. c3 d6 3. d4 Bg7 4. Nf3 Nf6 5. Bd3 c6 6. h3 Nbd7 7. 0-0 e5 8. dxe5 dxe5 9. Be3 0-0 10. Nbd2 b6 11. Nc4 Qc7 12. b4 Bb7 13. Qc2 Rfe8 14. Rad1 Rad8 15. a4 c5 16. b5 a6 17. Ncd2 a5 18. Bc4 Nf8 19. Bg5 h6 20. Bh4 g5 21. Bg3 Nh5 22. Bh2 Kh8 23. g3 Qe7 24. Qb3 Nf6 25. Bxf7 1/2-1/2

[Event "GER-chB Seniors 28th"]
[Site "Niederhausen"]
[Date "2016.08.17"]
[Round "5"]
[White "Ott, Lothar"]
[Black "Hoose, Hannelore"]
[Result "1-0"]
[WhiteElo "1637"]
[BlackElo "1726"]
[PlyCount "45"]
[EventDate "2016.08.13"]
[EventType "swiss"]
[EventRounds "9"]
[EventCountry "GER"]
[SourceTitle "EXT 2019"]
[Source "ChessBase"]
[SourceDate "2018.10.10"]
[SourceVersion "1"]
[SourceVersionDate "2018.10.10"]
[SourceQuality "1"]

1. d4 e6 2. Nf3 b6 3. c4 Bb7 4. Nc3 f5 5. g3 Nf6 6. Bg2 Bb4 7. Bd2 0-0 8. 0-0 Be7 9. Qc2 Nc6 10. a3 Qe8 11. d5 Nd8 12. Nb5 Bd6 13. Bb4 Qe7 14. Nxc7 Rc8 15. Bxd6 Qxd6 16. Nb5 Qb8 17. Qd3 exd5 18. cxd5 Rc5 19. Nc3 Nxd5 20. Nxd5 Rxd5 21. Qc4 Kh8 22. Rfc1 Ne6 23. Qb4 1-0

[Event "GER-chB Seniors 27th"]
[Site "Magdeburg"]
[Date "2015.08.23"]
[Round "9"]
[White "Ott, Lothar"]
[Black "Freerksen, Uwe"]
[Result "1/2-1/2"]
[WhiteElo "1658"]
[BlackElo "1501"]
[PlyCount "59"]
[EventDate "2015.08.15"]
[EventType "swiss"]
[EventRounds "9"]
[EventCountry "GER"]
[SourceTitle "EXT 2018"]
[Source "ChessBase"]
[SourceDate "2017.10.13"]
[SourceVersion "1"]
[SourceVersionDate "2017.10.13"]
[SourceQuality "1"]

1. d4 d5 2. Nf3 Nc6 3. e3 e6 4. a3 Nf6 5. Nbd2 a5 6. b3 Be7 7. g3 b6 8. Bb5 Bd7 9. 0-0 Na7 10. Bd3 Nc6 11. Bb2 0-0 12. c4 h6 13. Re1 Qc8 14. Bf1 Rb8 15. Rc1 Bd8 16. Bg2 b5 17. c5 a4 18. b4 Nh7 19. e4 Bf6 20. e5 Be7 21. h3 f5 22. exf6 Bxf6 23. Ne5 Bxe5 24. dxe5 Ne7 25. Nf3 c6 26. Nd4 Nf5 27. Qd2 Qd8 28. f4 Nxg3 29. Kh2 Nf5 30. Rf1 1/2-1/2

[Event "GER-chB Seniors 27th"]
[Site "Magdeburg"]
[Date "2015.08.19"]
[Round "5"]
[White "Ott, Lothar"]
[Black "Bartl, Birgit"]
[Result "1-0"]
[WhiteElo "1658"]
[BlackElo "1543"]
[PlyCount "25"]
[EventDate "2015.08.15"]
[EventType "swiss"]
[EventRounds "9"]
[EventCountry "GER"]
[SourceTitle "EXT 2018"]
[Source "ChessBase"]
[SourceDate "2017.10.13"]
[SourceVersion "1"]
[SourceVersionDate "2017.10.13"]
[SourceQuality "1"]

1. d4 Nf6 2. Nf3 d5 3. g3 e6 4. Bg2 Bd6 5. Nbd2 c5 6. c3 0-0 7. e3 Nc6 8. b3 Rb8 9. b4 b6 10. Bb2 Bb7 11. 0-0 h6 12. Re1 cxd4 13. cxd4 1-0

[Event "GER-chB Seniors 27th"]
[Site "Magdeburg"]
[Date "2015.08.16"]
[Round "2"]
[White "Baur, Helmut"]
[Black "Ott, Lothar"]
[Result "1/2-1/2"]
[WhiteElo "1905"]
[BlackElo "1658"]
[PlyCount "35"]
[EventDate "2015.08.15"]
[EventType "swiss"]
[EventRounds "9"]
[EventCountry "GER"]
[SourceTitle "EXT 2018"]
[Source "ChessBase"]
[SourceDate "2017.10.13"]
[SourceVersion "1"]
[SourceVersionDate "2017.10.13"]
[SourceQuality "1"]

1. d4 Nf6 2. Bg5 d6 3. Bxf6 gxf6 4. g3 Bg7 5. Bg2 c6 6. c3 Be6 7. Nd2 d5 8. e4 dxe4 9. Bxe4 f5 10. Bg2 Bd5 11. Bxd5 Qxd5 12. Qf3 e6 13. Ne2 Nd7 14. Qxd5 exd5 15. 0-0 0-0-0 16. Rae1 Rde8 17. Nc1 Nf6 18. Nd3 1/2-1/2

[Event "Wuertemberg-ch Seniors 27th"]
[Site "Freudenstadt"]
[Date "2015.07.03"]
[Round "1"]
[White "Ott, Lothar"]
[Black "Zschorsch, Peter"]
[Result "0-1"]
[WhiteElo "1665"]
[BlackElo "1968"]
[PlyCount "74"]
[EventDate "2015.07.03"]
[EventType "swiss"]
[EventRounds "9"]
[EventCountry "GER"]
[SourceTitle "EXT 2016"]
[Source "ChessBase"]
[SourceDate "2015.10.08"]
[SourceVersion "1"]
[SourceVersionDate "2015.10.08"]
[SourceQuality "1"]

1. d4 Nf6 2. Nf3 g6 3. c4 c5 4. e3 Bg7 5. Nc3 cxd4 6. exd4 d6 7. g3 0-0 8. Bg2 Nc6 9. 0-0 Rb8 10. b3 Bf5 11. Ba3 Qa5 12. Qc1 Nb4 13. Bxb4 Qxb4 14. Rd1 Rfe8 15. Qb2 Qb6 16. Rac1 Rbc8 17. Na4 Qa6 18. Nc3 Bh6 19. Ra1 Ne4 20. Nxe4 Bxe4 21. Qe2 d5 22. Ne5 Bxg2 23. Kxg2 Bg7 24. Qd3 dxc4 25. bxc4 f6 26. Nf3 Qxc4 27. Qe4 Qa6 28. Qd5+ e6 29. Qb3 Qc6 30. Rac1 Qd5 31. Rxc8 Rxc8 32. Qa3 a6 33. Kg1 Bf8 34. Qb3 Qxb3 35. axb3 Rc3 36. Rb1 Rxf3 37. Kg2 Rd3 0-1

[Event "GER-chB Seniors 26th"]
[Site "Bad Neuenahr"]
[Date "2014.08.08"]
[Round "4"]
[White "Giering, Helmut"]
[Black "Ott, Lothar"]
[Result "1-0"]
[WhiteElo "1832"]
[BlackElo "1737"]
[PlyCount "91"]
[EventDate "2014.08.05"]
[EventType "swiss"]
[EventRounds "9"]
[EventCountry "GER"]
[SourceTitle "EXT 2018"]
[Source "ChessBase"]
[SourceDate "2017.10.13"]
[SourceVersion "1"]
[SourceVersionDate "2017.10.13"]
[SourceQuality "1"]

1. Nf3 g6 2. g3 Bg7 3. Bg2 Nf6 4. 0-0 c6 5. d4 d6 6. c4 e6 7. Nc3 0-0 8. Qc2 Nbd7 9. Bf4 Qc7 10. c5 Ne8 11. cxd6 Qa5 12. e4 e5 13. dxe5 Nxe5 14. Rad1 Bd7 15. Nxe5 Bxe5 16. Bxe5 Qxe5 17. f4 Qc5+ 18. Qf2 Qb6 19. e5 Ng7 20. Na4 Qxf2+ 21. Kxf2 b6 22. b3 Rfe8 23. Rfe1 Rab8 24. g4 Ne6 25. Kg3 Kg7 26. Nc3 Nc5 27. Ne4 Nxe4+ 28. Bxe4 f6 29. Bc2 fxe5 30. fxe5 Be6 31. Be4 Bd7 32. Bf3 Re6 33. Rc1 Rc8 34. Bxc6 Rxc6 35. Rxc6 Bxc6 36. Rc1 Bb5 37. Kf4 g5+ 38. Ke4 Kg6 39. Kd5 Re8 40. e6 Rd8 41. Rc7 Be8 42. d7 Kf6 43. Rc8 Ke7 44. Rxd8 Kxd8 45. Kd6 Bxd7 46. exd7 1-0

[Event "GER-ch Seniors 23rd"]
[Site "Halle"]
[Date "2011.08.10"]
[Round "6"]
[White "Sapozhnykov, Grygoriy"]
[Black "Ott, Lothar"]
[Result "1/2-1/2"]
[WhiteElo "1610"]
[BlackElo "1749"]
[PlyCount "119"]
[EventDate "2011.08.05"]
[EventType "swiss"]
[EventRounds "9"]
[EventCountry "GER"]
[SourceTitle "CBM 144 Extra"]
[Source "ChessBase"]
[SourceDate "2011.10.28"]
[SourceVersion "1"]
[SourceVersionDate "2011.10.28"]
[SourceQuality "1"]

1. e4 d6 2. Nc3 Nf6 3. h3 g6 4. Nf3 Bg7 5. Bc4 c6 6. 0-0 0-0 7. d3 e5 8. Be3 d5 9. Bc5 dxc4 10. Bxf8 Kxf8 11. dxc4 Qc7 12. Qe2 Nbd7 13. b4 b6 14. Rad1 Bb7 15. b5 c5 16. Nd5 Nxd5 17. cxd5 Qd6 18. c4 h6 19. Nd2 g5 20. f3 Qf6 21. Qe3 Qf4 22. Qxf4 exf4 23. Nb3 Ne5 24. Nd2 Ke7 25. a4 Kd6 26. Rb1 Bf6 27. Rb3 Nd7 28. Kf2 Bd4+ 29. Ke2 Ne5 30. Ra3 Be3 31. Rc1 Bd4 32. Rc2 Nd7 33. Nb3 Be5 34. a5 Bf6 35. axb6 axb6 36. Rxa8 Bxa8 37. Ra2 Bb7 38. Ra7 Kc7 39. Ra4 Ne5 40. Nd2 Be7 41. Nf1 Bd6 42. g4 Ng6 43. Nd2 f6 44. Ra1 Bf8 45. Rh1 Kd6 46. Ra1 Kc7 47. Nb3 Ne5 48. Rc1 Ng6 49. Rc2 Bd6 50. Nc1 Be5 51. Nb3 Bd6 52. Nd2 Nh4 53. Ra2 Kb8 54. Ra3 Ng2 55. Nb3 Be5 56. Kf2 Nh4 57. Ke2 Ng6 58. Nd2 Bd6 59. Rb3 Be5 60. Rb1 1/2-1/2

[Event "GER-ch Seniors 23rd"]
[Site "Halle"]
[Date "2011.08.09"]
[Round "5"]
[White "Ott, Lothar"]
[Black "Galicki, Ryszard"]
[Result "0-1"]
[WhiteElo "1749"]
[BlackElo "1986"]
[PlyCount "80"]
[EventDate "2011.08.05"]
[EventType "swiss"]
[EventRounds "9"]
[EventCountry "GER"]
[SourceTitle "CBM 144 Extra"]
[Source "ChessBase"]
[SourceDate "2011.10.28"]
[SourceVersion "1"]
[SourceVersionDate "2011.10.28"]
[SourceQuality "1"]

1. d4 Nf6 2. Nf3 b6 3. g3 Bb7 4. Bg2 e6 5. Bg5 Be7 6. 0-0 h6 7. Bc1 0-0 8. Nbd2 Na6 9. c3 c5 10. e3 d6 11. b3 Rc8 12. Bb2 Qd7 13. Rc1 b5 14. Re1 Ne4 15. Nb1 f5 16. dxc5 Rxc5 17. Ba3 Rc7 18. Re2 Rfc8 19. Bb2 Bf6 20. Nd4 e5 21. Nf3 Qe6 22. Rec2 d5 23. Bf1 Nd6 24. Bg2 g5 25. h3 h5 26. Nh2 g4 27. h4 e4 28. Nf1 Nc5 29. Ba3 Nd3 30. Bb2 Nxc1 31. Qxc1 b4 32. c4 dxc4 33. Bxf6 Qxf6 34. bxc4 Rxc4 35. Rxc4 Rxc4 36. Qd2 Qe6 37. Qb2 a5 38. Nfd2 Rc8 39. Bf1 Bd5 40. a3 Nc4 0-1

[Event "GER-ch Seniors 22nd"]
[Site "Berlin"]
[Date "2010.08.20"]
[Round "5"]
[White "Ott, Lothar"]
[Black "Thonig, Manfred"]
[Result "1/2-1/2"]
[WhiteElo "1327"]
[BlackElo "1588"]
[PlyCount "164"]
[EventDate "2010.08.16"]
[EventType "swiss"]
[EventRounds "9"]
[EventCountry "GER"]
[SourceTitle "CBM 138 Extra"]
[Source "ChessBase"]
[SourceDate "2010.10.29"]
[SourceVersion "1"]
[SourceVersionDate "2010.10.29"]
[SourceQuality "1"]

1. d4 e6 2. c4 f5 3. g3 Nf6 4. Bg2 d5 5. e3 Ne4 6. Nf3 Bb4+ 7. Bd2 Qe7 8. Qa4+ Nc6 9. cxd5 Bxd2+ 10. Nfxd2 exd5 11. Nxe4 fxe4 12. Nc3 Qb4 13. 0-0 Qxa4 14. Nxa4 0-0 15. a3 b6 16. b4 Bb7 17. Rac1 Rf7 18. Bh3 Nd8 19. Rc2 Bc8 20. Bg2 Ba6 21. Rfc1 Bc4 22. Nb2 b5 23. a4 a6 24. Ra1 c6 25. axb5 cxb5 26. Bh3 g6 27. Nxc4 bxc4 28. Ra5 Rb7 29. Rxd5 Rxb4 30. Rc5 a5 31. R2xc4 Rxc4 32. Rxc4 a4 33. Rc2 a3 34. Ra2 Kf7 35. Bg2 Ra4 36. Bxe4 Ne6 37. Kg2 h6 38. h4 Kf6 39. f4 Nc7 40. Bb1 Nd5 41. Rf2 Nxe3+ 42. Kf3 Nd1 43. Rc2 Ra6 44. g4 Nb2 45. Ba2 Nd3 46. Ke3 Nb4 47. Rd2 Rc6 48. g5+ hxg5 49. hxg5+ Ke7 50. Bb1 Ra6 51. Ba2 Rd6 52. d5 Rb6 53. Kd4 Kd6 54. Kc4 Na6 55. Re2 Rb4+ 56. Kc3 Kc5 57. Re6 Nb8 58. Rxg6 Rxf4 59. Rf6 Rg4 60. g6 Rg3+ 61. Kc2 Rg2+ 62. Kb3 Kxd5 63. Kxa3+ Ke5 64. Re6+ Kf5 65. Rb6 Rg3+ 66. Ka4 Rg4+ 67. Kb5 Rg2 68. Bb3 Rg3 69. Bc4 Rg2 70. g7 Rxg7 71. Rxb8 Rg5 72. Kb4 Kf6 73. Re8 Rg4 74. Re6+ Kf5 75. Re1 Kf4 76. Be6 Rh4 77. Kc5 Rh5+ 78. Kd6 Rh6 79. Re5 Kf3 80. Kd5 Kf4 81. Re4+ Kf3 82. Ke5 Rxe6+ 1/2-1/2

[Event "Cologne Ford op"]
[Site "Cologne"]
[Date "2009.06.15"]
[Round "7"]
[White "Ott, Lothar"]
[Black "Weinmann Musset, Manfred"]
[Result "0-1"]
[WhiteElo "1471"]
[BlackElo "1825"]
[PlyCount "64"]
[EventDate "2009.04.27"]
[EventType "swiss"]
[EventRounds "7"]
[EventCountry "GER"]
[SourceTitle "EXT 2011"]
[Source "ChessBase"]
[SourceDate "2010.11.26"]
[SourceVersion "1"]
[SourceVersionDate "2010.11.26"]
[SourceQuality "1"]

1. d4 f5 2. g3 Nf6 3. Bg2 d6 4. Nf3 c6 5. c4 Qc7 6. Nc3 e5 7. dxe5 dxe5 8. 0-0 Be6 9. b3 Na6 10. Bb2 g6 11. Ng5 Bg8 12. e4 h6 13. Nf3 Bd6 14. exf5 gxf5 15. Nh4 Bh7 16. Bh3 f4 17. Nf5 Bxf5 18. Bxf5 Rg8 19. Ne4 Nxe4 20. Bxe4 0-0-0 21. g4 h5 22. h3 hxg4 23. hxg4 Qf7 24. f3 Bc5+ 25. Kg2 Rxd1 26. Raxd1 Qe6 27. Bf5 Qxf5 28. Rh1 Rxg4+ 29. Kf1 Qc2 30. Rh8+ Kc7 31. Bxe5+ Kb6 32. fxg4 Qf2# 0-1

[Event "Cologne Ford op"]
[Site "Cologne"]
[Date "2009.05.11"]
[Round "3"]
[White "Ott, Lothar"]
[Black "Osiewatsch, Arthur"]
[Result "1-0"]
[WhiteElo "1471"]
[BlackElo "1056"]
[PlyCount "133"]
[EventDate "2009.04.27"]
[EventType "swiss"]
[EventRounds "7"]
[EventCountry "GER"]
[SourceTitle "EXT 2011"]
[Source "ChessBase"]
[SourceDate "2010.11.26"]
[SourceVersion "1"]
[SourceVersionDate "2010.11.26"]
[SourceQuality "1"]

1. d4 c5 2. Nf3 d5 3. e3 Nf6 4. c4 e6 5. Be2 Be7 6. 0-0 0-0 7. Nc3 cxd4 8. Nxd4 Nc6 9. cxd5 Nxd4 10. Qxd4 Qb6 11. Qxb6 axb6 12. e4 exd5 13. exd5 Ra5 14. Bf3 Bg4 15. Bxg4 Nxg4 16. Bf4 Nf6 17. Rad1 Bb4 18. Bg5 Bxc3 19. bxc3 Rxd5 20. Rxd5 Nxd5 21. Bd2 Rc8 22. Rc1 b5 23. a3 Kf8 24. g3 f6 25. Kf1 Rc4 26. Rb1 Nxc3 27. Bxc3 Rxc3 28. Rxb5 Rc7 29. Rb6 Ke7 30. a4 Rc1+ 31. Kg2 Ra1 32. Rb4 Kd6 33. Rxb7 Rxa4 34. Rxg7 h6 35. Rg6 Ke7 36. Rxh6 Kf7 37. Rh8 Kg7 38. Re8 Rg4 39. f3 Rg6 40. Re7+ Kf8 41. Rb7 Rg7 42. Rxg7 Kxg7 43. Kh3 Kg6 44. Kg4 f5+ 45. Kf4 Kf6 46. h4 Kg6 47. h5+ Kxh5 48. Kxf5 Kh6 49. g4 Kg7 50. f4 Kf7 51. Ke5 Kg6 52. f5+ Kg7 53. Ke6 Kf8 54. f6 Kg8 55. g5 Kf8 56. g6 Kg8 57. Ke7 Kh8 58. f7 Kg7 59. f8Q+ Kxg6 60. Qf6+ Kh5 61. Qg7 Kh4 62. Kf6 Kh3 63. Qg5 Kh2 64. Kf5 Kh1 65. Kf4 Kh2 66. Kf3 Kh1 67. Kf2 1-0

[Event "Cologne Ford op"]
[Site "Cologne"]
[Date "2009.05.04"]
[Round "2"]
[White "Melters, Hans"]
[Black "Ott, Lothar"]
[Result "1/2-1/2"]
[WhiteElo "1231"]
[BlackElo "1471"]
[PlyCount "50"]
[EventDate "2009.04.27"]
[EventType "swiss"]
[EventRounds "7"]
[EventCountry "GER"]
[SourceTitle "EXT 2011"]
[Source "ChessBase"]
[SourceDate "2010.11.26"]
[SourceVersion "1"]
[SourceVersionDate "2010.11.26"]
[SourceQuality "1"]

1. e4 d6 2. d4 Nf6 3. Nc3 g6 4. Bg5 Bg7 5. Nf3 0-0 6. Qd2 c6 7. Bh6 Qa5 8. Bxg7 Kxg7 9. Bd3 b5 10. Qg5 h6 11. Qd2 b4 12. Ne2 Bg4 13. h3 Bxf3 14. gxf3 Qh5 15. f4 Qf3 16. Ng3 d5 17. Be2 Qg2 18. Bf1 Qf3 19. Be2 Qg2 20. Bf1 Qf3 21. Be2 Qg2 22. Bf1 Qf3 23. Be2 Qg2 24. Bf1 Qf3 25. Be2 Qg2 1/2-1/2

[Event "Cologne Longerich op 3rd"]
[Site "Cologne"]
[Date "2004.08.07"]
[Round "6"]
[White "Ott, Lothar"]
[Black "Fey, Helmut"]
[Result "1-0"]
[WhiteElo "1536"]
[BlackElo "1385"]
[PlyCount "133"]
[EventDate "2004.06.26"]
[EventType "swiss"]
[EventRounds "7"]
[EventCountry "GER"]
[SourceTitle "EXT 2006"]
[Source "ChessBase"]
[SourceDate "2005.11.24"]
[SourceVersion "1"]
[SourceVersionDate "2005.11.24"]
[SourceQuality "1"]

1. Nf3 Nc6 2. d4 Nf6 3. c4 e6 4. Nc3 d5 5. e3 a6 6. Bd3 Be7 7. 0-0 0-0 8. a3 Bd7 9. Re1 Re8 10. b4 dxc4 11. Bxc4 b5 12. Bd3 Nd5 13. Ne2 Nb6 14. Qc2 g6 15. Bb2 Bf6 16. Ng3 Rc8 17. e4 Ne7 18. Rac1 Bg7 19. Qd2 f5 20. Ne5 fxe4 21. Nxe4 Nf5 22. Nc5 Bxe5 23. Rxe5 Ng7 24. Rce1 Nd5 25. Qh6 Nf6 26. h3 Re7 27. Qg5 Qf8 28. Nxa6 Bc6 29. Bxb5 Bxb5 30. Rxb5 Nf5 31. Rbe5 h6 32. Qd2 Qf7 33. Nc5 Rce8 34. a4 Nd6 35. Qd3 Nd5 36. b5 Nb6 37. Bc3 Nbc4 38. R5e2 Nb6 39. Bb4 Nf5 40. Re4 Nd5 41. Bd2 Kh7 42. Re5 Nf6 43. Qc4 Nd6 44. Qe2 Nf5 45. Bc3 Nd5 46. Ba1 Ng7 47. Qe4 Qf4 48. Qxf4 Nxf4 49. R1e4 Nd5 50. g3 Nb6 51. Re2 Nd7 52. Nxd7 Rxd7 53. g4 Ra8 54. Ra2 Rd6 55. Rc5 Rd7 56. Bc3 Ne8 57. a5 Nd6 58. f3 Rb8 59. Re2 Nxb5 60. Rb2 Nxc3 61. Rxb8 Nd5 62. a6 c6 63. Rb7 Rc7 64. Rxc7+ Nxc7 65. Rxc6 Nb5 66. Rb6 Nxd4 67. Rb7+ 1-0

[Event "Cologne Longerich op 3rd"]
[Site "Cologne"]
[Date "2004.07.03"]
[Round "2"]
[White "Ott, Lothar"]
[Black "Melters, Hans"]
[Result "1-0"]
[WhiteElo "1536"]
[BlackElo "1258"]
[PlyCount "49"]
[EventDate "2004.06.26"]
[EventType "swiss"]
[EventRounds "7"]
[EventCountry "GER"]
[SourceTitle "EXT 2006"]
[Source "ChessBase"]
[SourceDate "2005.11.24"]
[SourceVersion "1"]
[SourceVersionDate "2005.11.24"]
[SourceQuality "1"]

1. Nf3 d5 2. d4 Nc6 3. e3 Nf6 4. c4 Bg4 5. Nc3 e6 6. a3 Be7 7. Be2 0-0 8. cxd5 exd5 9. 0-0 Re8 10. b4 Nb8 11. h3 Bh5 12. Bb2 c6 13. Rc1 Nbd7 14. b5 Nb6 15. bxc6 bxc6 16. Ne5 Bxe2 17. Nxe2 Nc4 18. Nxc4 dxc4 19. Rxc4 Qd5 20. Qc2 Rac8 21. Nf4 Qd7 22. Rc1 Nd5 23. Nxd5 cxd5 24. Rxc8 Rxc8 25. Qxc8+ 1-0

[Event "Cologne Longerich op 3rd"]
[Site "Cologne"]
[Date "2004.06.26"]
[Round "1"]
[White "Wolter, Kai"]
[Black "Ott, Lothar"]
[Result "1-0"]
[WhiteElo "2210"]
[BlackElo "1536"]
[PlyCount "61"]
[EventDate "2004.06.26"]
[EventType "swiss"]
[EventRounds "7"]
[EventCountry "GER"]
[SourceTitle "EXT 2006"]
[Source "ChessBase"]
[SourceDate "2005.11.24"]
[SourceVersion "1"]
[SourceVersionDate "2005.11.24"]
[SourceQuality "1"]

1. e4 d6 2. d4 g6 3. Nc3 Bg7 4. Nf3 c6 5. h3 Nf6 6. Be3 Nbd7 7. a4 e5 8. dxe5 dxe5 9. Bc4 0-0 10. 0-0 Qc7 11. Qd2 Nb6 12. Bb3 Rd8 13. Qc1 a5 14. Nxe5 Qxe5 15. Bxb6 Re8 16. f4 Qh5 17. Qe3 Nd5 18. Nxd5 cxd5 19. Bxd5 Qxd5 20. exd5 Rxe3 21. Bxe3 Bxb2 22. Rab1 Bc3 23. Rb3 Bb4 24. c3 Bd6 25. Bd4 Rb8 26. Rb5 Ra8 27. c4 Bc7 28. c5 b6 29. cxb6 Ba6 30. bxc7 Bxb5 31. axb5 1-0